000
00324nam a22001337a 4500
008
250728b |||||||| |||| 00| 0 eng d
020
_a
04718091X
050
_a
HD31
_b
.K84
100
_a
LAWRENCE, Kuhn Robert
245
_a
To Flourish Among Giants
260
_a
Canada
_b
John Wiley
_c
1993
300
_a
xi, 494p.
942
_c
BK
999
_c
4376
_d
4376